000 00286nam a2200097Ia 4500
082 _aJ 677 STEV
245 0 _aTextiles : smooth as silk, bumpy as burlap
100 _a Stevens, Beth Dvergsten Logan, Iowa, 2004
_970158
942 _cBK
008 210817s9999 xx 000 0 und d
999 _c393646
_d393645